|
|
|
|
| LEADER |
00000nab a2200000 a 4500 |
| 001 |
vtls008620615 |
| 003 |
SK-MaSNL |
| 005 |
20260303071910.0 |
| 008 |
060206c20060104xo mr| 0 0slo |
| 038 |
|
|
|a RVGKPD
|
| 040 |
|
|
|a RVGKPD
|b slo
|c RVGKPD
|e AACR2
|
| 041 |
0 |
|
|a slo
|
| 044 |
|
|
|a xo
|c SK
|
| 080 |
|
|
|a 178
|2 UDC-MRF-SK2
|
| 080 |
|
|
|a 613.83
|2 UDC-MRF-SK2
|
| 100 |
1 |
|
|a Mazurková, Renáta,
|d 1972-
|4 aut
|9 859052
|
| 245 |
1 |
0 |
|a Mesto zverejnilo zoznam podnikov kontrolovaných na drogy
|c Renáta Mazurková
|
| 300 |
|
|
|b Fotogr.
|
| 650 |
0 |
7 |
|a drogy
|2 rvgkpd
|9 1552
|
| 650 |
0 |
7 |
|a monitoring
|2 rvgkpd
|9 317690
|
| 651 |
|
7 |
|a Rožňava (Slovensko)
|2 rvgkpd
|9 17394
|
| 773 |
0 |
|
|t Korzár : Gemerský denník
|g Roč. VIII, č. 3 (4.1.2006), s. 1
|x 1335-7581
|
| 852 |
|
|
|a RVGKPD
|b KIS3G
|
| 992 |
|
|
|a RBX
|
| 999 |
|
|
|c 1761876
|d 1763806
|